[Event "ARG-ch U12"]
[Site "Buenos Aires"]
[Date "2019.03.01"]
[Round "1.2"]
[White "Fiorito, Joaquin"]
[Black "Lieby, Juan Sebastian"]
[Result "1-0"]
[WhiteElo "1747"]
[BlackElo "1134"]
[PlyCount "31"]
[EventDate "2019.03.01"]
[EventType "swiss"]
[EventRounds "9"]
[EventCountry "ARG"]
[SourceTitle "EXT 2024"]
[Source "ChessBase"]
[SourceDate "2023.10.10"]
[SourceVersion "1"]
[SourceVersionDate "2023.10.10"]
[SourceQuality "1"]

1. e4 e6 2. d4 d5 3. Nd2 dxe4 4. Nxe4 Bd7 5. Nf3 Bc6 6. Bd3 Bxe4 7. Bxe4 c6 8. c3 Nf6 9. Bd3 Be7 10. 0-0 0-0 11. Qe2 Nbd7 12. Rd1 Re8 13. b3 Nf8 14. Ne5 Qd5 15. c4 Qxd4 16. Bxh7+ 1-0